000 00943naa a22002417i 4500
001 232416
003 ES-MaBCM
005 20260219173857.0
008 260219s2023 sp ||||| |||| 00| 0 spa d
040 _cES-MaBCM
100 1 _aTrujillo del Arco, Ángela
_9125862
245 1 3 _aLa lucha contra la pena capital en el Consejo de Europa y las obligaciones para los Estados
_cÁngela Trujillo del Arco
504 _aIncluye referencias bibliográficas
610 2 7 _aConsejo de Europa
_951029
610 2 7 _aTribunal Europeo de Derechos Humanos
_952880
610 2 7 _aConvención Europea
_951085
650 7 _aPena de muerte
_959744
650 7 _aDerecho a la vida
_958290
650 7 _aDerecho penal internacional
_958347
650 7 _aAplicación de la ley
_957565
773 0 _dValencia : Tirant lo Blanch , 2023
_gp. [223]-255 - Loc. 62618
_tLa crueldad en las constituciones y en los convenios internacionales
_w225307
942 _2udc
_cAMON
999 _c232416
_d232416